000 00762nam a2200241 i 4500
001 bg
100 1 _aRYLSKI, Andrzej
245 1 0 _aMetrologia II :
_bprąd zmienny /
_cAndrzej Rylski.
260 _aRzeszów :
_bOficyna Wydawnicza Politechniki Rzeszowskiej,
_c[2000].
300 _a259 s. :
_brys., wykr. ;
_c24 cm.
504 _aBibliogr.
521 _aDla studentów Wydziału Elektrycznego do wykładów z przedmiotu "metrologia".
650 9 _aPrzyrządy pomiarowe
_xelektrotechnika
650 9 _aPrądy zmienne
_xpomiary
655 _aPodręczniki akademickie
020 _a8371991436
040 _cBPK
041 0 _apl
080 _a621.317:537.3](075.8)
920 _a83-7199-143-6
942 _cKS
008 s pl f |000 0 pol
999 _c39640
_d39640
856 _uhttp://koha.tu.koszalin.pl/cgi-bin/koha/opac-detail.pl?biblionumber=39640
_yKatalog online BPK